00662nam a2200169 a 450000500170000000800410001705000230005810000180008124501240009925000210022326000350024430000080027965000330028765000420032099900190036295201110038120140414131853.0100806s19uu xx 00 eng d aM 796.54bC15 2008 aCampbell. Guy aThe boy's book of survival :bhow to survive anything, anywhere /cwritten by Guy Campbell ; illustrated by Simon Ecob. a1st American ed. aNew York :bScholastic,c2008. a125 aCampingxJuvenile literature aBoysxRecreationxJuvenile literature c110274d110274 001040aMUbMUcMd2010-08-06eBkRewardl0oM 796.54 C15 2008pM0616r2014-04-14 00:00:00w2014-04-14yBK